| 000 | 00484nam a2200181Ia 4500 | ||
|---|---|---|---|
| 003 | OSt | ||
| 005 | 20251230144833.0 | ||
| 008 | 210210b1954 xxu||||| |||| 00| 0 eng d | ||
| 040 | _cAL | ||
| 041 | _aKannada | ||
| 082 | _a859/2082 | ||
| 100 |
_aSHESHANARAYANA _9156893 _dಶೇಷನಾರಾಯಣ |
||
| 245 |
_aMula nakshatra: _bಮೂಲ ನಕ್ಷತ್ರ |
||
| 260 |
_aMaisuru _bKavyalaya _c1954 |
||
| 690 |
_aKannada Fiction _9156894 |
||
| 906 | _a022799 | ||
| 942 |
_2ddc _cBK |
||
| 999 |
_c147434 _d147434 |
||